[Event "Sonderjysk-ch B"]
[Site "Haderslev"]
[Date "2013.05.27"]
[Round "6"]
[White "Clausen, Hans Jorgen"]
[Black "Skovvart, Niels"]
[Result "1-0"]
[WhiteElo "1576"]
[BlackElo "1686"]
[PlyCount "63"]
[EventDate "2013.04.29"]
[EventType "tourn"]
[EventRounds "7"]
[EventCountry "DEN"]
[SourceTitle "EXT 2023"]
[Source "ChessBase"]
[SourceDate "2022.10.05"]
[SourceVersion "1"]
[SourceVersionDate "2022.10.05"]
[SourceQuality "1"]

1. d4 Nf6 2. Nf3 c5 3. c3 cxd4 4. cxd4 g6 5. Bf4 Bg7 6. e3 0-0 7. Be2 Qb6 8. Qc2 d6 9. Nbd2 Nc6 10. 0-0 Bf5 11. Qb3 Qxb3 12. Nxb3 Nb4 13. a3 Nbd5 14. Bg5 Ne4 15. Nbd2 Nxg5 16. Nxg5 Rac8 17. Rac1 h6 18. Ngf3 g5 19. g3 Bg4 20. Rfe1 f5 21. Kg2 f4 22. Ne4 Nb6 23. Ned2 e5 24. dxe5 dxe5 25. a4 Nd7 26. Bc4+ Kh8 27. b3 Bxf3+ 28. Nxf3 g4 29. Nh4 f3+ 30. Kf1 Rc6 31. Bd5 Rxc1 32. Rxc1 1-0

[Event "Sonderjysk-ch B"]
[Site "Haderslev"]
[Date "2013.05.27"]
[Round "4"]
[White "Posselt, Karl"]
[Black "Skovvart, Niels"]
[Result "1-0"]
[WhiteElo "1607"]
[BlackElo "1686"]
[PlyCount "51"]
[EventDate "2013.04.29"]
[EventType "tourn"]
[EventRounds "7"]
[EventCountry "DEN"]
[SourceTitle "EXT 2023"]
[Source "ChessBase"]
[SourceDate "2022.10.05"]
[SourceVersion "1"]
[SourceVersionDate "2022.10.05"]
[SourceQuality "1"]

1. f4 e5 2. fxe5 d6 3. exd6 Bxd6 4. Nf3 g5 5. d4 g4 6. Ng5 f5 7. e4 Be7 8. Nh3 gxh3 9. Qh5+ Kf8 10. Bc4 Bh4+ 11. g3 Bxg3+ 12. hxg3 Qf6 13. e5 Qg6 14. Qxh3 h5 15. Qh4 Nc6 16. Nc3 Nge7 17. Bf4 Na5 18. Be2 Nd5 19. Bxh5 Qb6 20. Qd8+ Kg7 21. Qxd5 Be6 22. Qc5 Qxc5 23. dxc5 Nc4 24. b3 Nb2 25. Ke2 Rhd8 26. Bg5 1-0